Cursus philosophicus thomisticus: secundum exactam, veram, genuinam Aristotelis et Doctoris Angelici mentem

Guardado en:
Detalles Bibliográficos
Autor principal: Juan de Santo Tomás (Autor)
Formato: Libro
Lenguaje:latín
Publicado: Roma Marietti 1948
Materias:
Etiquetas: Agregar Etiqueta
Sin Etiquetas, Sea el primero en etiquetar este registro!

MARC

LEADER 00000nam a2200000 a 4500
001 UCZ3697
003 CL-VaPUC
008 951027e19480000IT |||||||||||||||||lat|d
082 0 4 |a 189.4  |b JUA  |2 21 
100 0 |a Juan de Santo Tomás  |e author  |9 347534 
245 1 0 |a Cursus philosophicus thomisticus: secundum exactam, veram, genuinam Aristotelis et Doctoris Angelici mentem 
300 |a v 
942 |c BK 
945 |d 19951027 00:00:00  |a cmena 
260 |a Roma  |b Marietti  |c 1948 
500 |a v.1: Ars logica seu de forma et materia ratiocinandi 
500 |a v.2: Naturalis philosophiae. De ente mobili in communi. De ente mobili corruptibili 
500 |a v.3: De ente mobili animato 
650 0 |a Tomismo  |9 259214 
650 0 |a Escolasticismo  |9 264998 
650 0 |a Lógica  |9 256849 
650 0 |a Metafísica  |9 265649 
650 0 |a Cosmología  |9 269138 
650 0 |a Aristotelismo  |9 347069 
583 |a last modification  |c 20121008 06:05:32  |k Rodrigo Vera 
999 |c 240146  |d 240144 
952 |0 0  |1 0  |4 0  |6 189_400000000000000_JUA_1948  |7 0  |8 P  |9 251822  |a BIBEDU  |b BIBEDU  |c BIBEDU_PB  |d 2019-11-18  |h v.1  |i 1589873  |l 1  |o 189.4 JUA 1948  |p 1589873  |r 2024-12-20  |s 2024-12-13  |w 2019-11-18  |y BK  |k FIL 
952 |0 0  |1 0  |4 0  |6 189_400000000000000_JUA_1948  |7 0  |8 P  |9 251823  |a BIBEDU  |b BIBEDU  |c BIBEDU_PB  |d 2019-11-18  |h v.2  |i 1589881  |o 189.4 JUA 1948  |p 1589881  |r 2024-01-25  |w 2019-11-18  |y BK  |k FIL 
952 |0 0  |1 0  |4 0  |6 189_400000000000000_JUA_1948  |7 0  |8 P  |9 251824  |a BIBEDU  |b BIBEDU  |c BIBEDU_PB  |d 2019-11-18  |h v.3  |i 1589903  |o 189.4 JUA 1948  |p 1589903  |r 2024-01-25  |w 2019-11-18  |y BK  |k FIL